000 00304nam a22001217a 4500
008 180807b xxu||||| |||| 00| 0 eng d
082 _a813.52
245 _aThe longman exercise Zone and Avoiding Plagiarism
_cLONGMAN
260 _c2002
300 _a1
_fCD
440 _x9780321100566
942 _2ddc
_cMX
999 _c46927
_d46927